000 00192 a2200097 4500
020 _a9781492658818
041 _aeng
100 _aMarianne Ricmond
245 _aBe brave little one
942 _cK
999 _c28390
_d28390